000 00589nam a22001457a 4500
020 _a81-8408-175-8
082 _a823
_bDOY/L
100 _aDOYLE, ARTHUR CONAN
245 _aTHE LAST BOW OF SHERLOCK HOLMES
260 _aDELHI
_bCROSS LAND
_c2010
300 _a170
520 _aIn it, Holmes disguises himself as an informant against the British. He meets up with a German agent to provide some top-secret information, but overtakes him with chloroform. In fact, Holmes was working for the British government to identify and arrest the German agent
650 _aNOVEL
_zINDIA
942 _cBK
999 _c3026
_d3026